|
|
|
|
| LEADER |
00000nam a22000007a 4500 |
| 005 |
20220516215128.0 |
| 007 |
cr|||| |||| |
| 008 |
220516s2021 es |||||s|||| 00||0 spa d |
| 020 |
|
|
|a 978-84-123671-3-3
|
| 035 |
|
|
|a 35641
|
| 040 |
|
|
|a vLex
|
| 090 |
|
|
|c 13345
|d 13345
|
| 100 |
1 |
|
|a Valverde Villa, Manuel
|
| 245 |
1 |
2 |
|a El origen del crďito territorial en Espaą en el siglo XIX
|h [Recurso electrn̤ico] /
|c Manuel Valverde Villa
|
| 256 |
|
|
|a Servicio en ln̕ea
|
| 260 |
|
|
|a Barcelona:
|b J.M. Bosch Editor,
|c 2021
|
| 300 |
|
|
|a 1 recurso electrn̤ico
|
| 500 |
|
|
|a El presente libro contempla el nacimiento en Espaą del crďito territorial, a semejanza de las instituciones francesas y alemanas existentes en Europa en el siglo XIX. El Banco Hipotecario de Espaą fue el primer proyecto en que se materializ ̤la movilizacin̤ del crďito territorial, basado en ser el Banco un intermediario entre los capitalistas y los propietarios de inmuebles que buscaban recursos en el crďito territorial. Para ello, el Banco conceda̕ prštamos hipotecarios y, a su vez, emita̕ unos tt̕ulos-valores, denominados Cďulas hipotecarias, de un valor autňtico y uniforme, representativas de los prštamos en activo concedidos por el Banco. Estas Cďulas hipotecarias eran negociables por sus tenedores y transmisibles al portador como tt̕ulos hipotecarios. Despuš de tantos aǫs desde su creacin̤, el Banco Hipotecario de Espaą ha cumplido con creces los objetivos iniciales previstos en el aǫ 1872 de su fundacin̤: Financiar a los propietarios de inmuebles y a los agricultores con prštamos hipotecarios a largo plazo y md̤ico interš, tratando de suprimir la usura.
|
| 506 |
1 |
|
|a Disponible solo en los productos indicados
|d vLex Global
|d vLex Global (Academic Edition, excluding Law Schools)
|d vLex Global (U.S. Academic Edition, Law Schools)
|d vLex Global (U.S. Academic Edition, excluding Law Schools)
|d vLex Global (Academic Edition, Law Schools)
|
| 650 |
0 |
4 |
|a Entidades de crďito
|z Espaą
|
| 740 |
0 |
|
|a vLex Libros (Servicio en ln̕ea)
|
| 856 |
4 |
0 |
|u https://app.vlex.com/#/sources/35641
|z Acceso restringido
|
| 942 |
|
|
|c BOOK
|
| 999 |
0 |
|
|a Credit Institutions
|